000 00869nam a22001817a 4500
999 _c63391
_d63391
003 Ge_BSU
005 20250929162134.0
008 250929s1977 ge ||||| |||| 00| 0 geo d
041 _ageo
080 _a631.115.71 : 634.6(479.2) ი-36
100 _aივანიდისი, გიორგი
_925901
245 _aსაქართველოს სუბტროპიკული საბჭოთა მეურნეობის ეკონომიკა /
_cგიორგი ივანიდისი.
264 _aთბ. :
_bსაბჭ. საქართველო,
_c1977.
300 _a158 გვ. ;
_b19 სმ.
520 _aრეზ. რუს. ენ.
653 _aსუბტროპიკული საბჭოთა მეურნეობები საქართველოში
942 _2udc
_cᲬᲘᲒᲜᲘ